Zgadnij polskich raperów po emoji - Statystyki

Ogólne statystyki
  • Ten quiz został rozwiązany 195 razy
  • Średni wynik to 9 z 20
Statystyki odpowiedzi
Emoji Raper % Poprawnych
🌮 Taco Hemingway
94%
🐸 Żabson
91%
🦔 Oki
90%
🐘 Słoń
86%
🟣🕷️ Szpaku
70%
🐒 Małpa
65%
🦅 Sokół
59%
2️⃣7️⃣🖕😈 27 Fuckdemons
42%
💀🐝 Zdechły Osa
41%
☝️ Paluch
40%
🎸🟢💀📖 Chivas
37%
🔫 4️⃣4️⃣ Kaliber 44
35%
🌶️ O.S.T.R.
35%
🧙 Magik
34%
⚪🕷️ White Widow
34%
⚪🧑 Białas
32%
🦌 Bambi
19%
⚡🧑 Zeus
8%
🎤🔪💛❤️ Liroy
3%
🕹️🟥🟩🟨 Te-Tris
0%
Nie znaleziono quizów pasujących do podanych kryteriów
Rozkład punktacji
Procent ludzi z każdym wynikiem
Percentyl według liczby udzielonych odpowiedzi
Twoja historia wyników
Nie rozwiązałeś tego quizu